Guess 15 Rangers footballers by image - Statistics

General Stats
  • This quiz has been taken 164 times
  • The average score is 8 of 15
Answer Stats
Picture Answer % Correct
Mikel Arteta
87%
James Tavernier
78%
Jermain Defoe
76%
Aaron Ramsey
71%
Ronald de Boer
66%
Frank de Boer
65%
Brian Laudrup
60%
Gennaro Gattuso
54%
Paul Gascoigne
54%
Giovanni van Bronckhorst
50%
Graeme Souness
50%
Glen Kamara
46%
Bruno Alves
30%
Claudio Caniggia
20%
Mark Hateley
13%
No matching quizzes found
Score Distribution
Percent of People with Each Score
Percentile by Number Answered
Your Score History
You have not taken this quiz